000
00313nam a2200133Ia 4500
999
_c
203
_d
203
003
OSt
008
191201s2005 xx 000 0 und d
100
_a
JEEVANANDAM, C
245
0
_a
Foreign Exchange and Risk Management
260
_a
N. delhi
_b
Sultan Chand
_c
2005
300
_a
432
650
_a
MBA
942
_2
ddc
_c
BK